[Event "Internet Section 06A g/8'+2\""]
[Site "Dos Hermanas"]
[Date "2004.03.06"]
[Round "1"]
[White "Gill, E."]
[Black "Velasquez, Manuel A"]
[Result "0-1"]
[WhiteElo "1354"]
[BlackElo "2260"]
[PlyCount "52"]
[EventDate "2004.03.06"]
[EventType "swiss (blitz)"]
[EventRounds "9"]
[EventCountry "ESP"]
[SourceTitle "CBM 099 Extra"]
[Source "ChessBase"]
[SourceDate "2004.05.04"]
[SourceVersion "1"]
[SourceVersionDate "2004.05.04"]
[SourceQuality "1"]

1. e4 e6 2. Nf3 d5 3. exd5 exd5 4. d4 Nf6 5. Be3 Bd6 6. h3 0-0 7. Nc3 Re8 8. Bd3 Nc6 9. Qd2 Nb4 10. a3 Nxd3+ 11. Qxd3 c6 12. 0-0-0 b5 13. Ne2 a5 14. b3 Bxa3+ 15. Kd2 a4 16. Ke1 axb3 17. Qxb3 Qa5+ 18. Bd2 Qa4 19. Qxa4 Rxa4 20. Ra1 Ne4 21. Nc3 Nxc3+ 22. Kf1 Bb2 23. Rxa4 bxa4 24. g3 Ba6+ 25. Kg2 a3 26. Bxc3 Bxc3 0-1